Ο γεωτουρισμός και η συμβολή του στη βιώσιμη ανάπτυξη : η περίπτωση της Λέσβου : μεταπτυχιακή διατριβή

Αποθηκεύτηκε σε:
Λεπτομέρειες βιβλιογραφικής εγγραφής
Κύριος συγγραφέας: Κατωτριάτου, Ελένη
Συγγραφή απο Οργανισμό/Αρχή: Πανεπιστήμιο Αιγαίου Σχολή Περιβάλλοντος Τμήμα Περιβάλλοντος Πρόγραμμα Μεταπτυχιακών Σπουδών Περιβαλλοντική Πολιτική και Διαχείριση
Άλλοι συγγραφείς: Σπιλάνης, Γιάννης (Εισηγητής διατριβής)
Μορφή: Thesis Βιβλίο
Γλώσσα:Greek
Δημοσίευση: Μυτιλήνη : Πανεπιστήμιο Αιγαίου, Τμήμα Περιβάλλοντος, Μεταπτυχιακό Πρόγραμμα Σπουδών στην Περιβαλλοντική Πολιτική και Διαχείριση, 2001
Θέματα:
Διαθέσιμο Online:http://hdl.handle.net/11610/15216
Ετικέτες: Προσθήκη ετικέτας
Δεν υπάρχουν, Καταχωρήστε ετικέτα πρώτοι!

MARC

LEADER 00000cam a2200000 i 4500
001 1/26528
008 020821s2001 gre d
035 |l 10068270 
040 |a GR-MY-UA  |b gre  |e aacr 
041 0 |a gre 
082 0 |a 338.4791  |2 (22) 
100 1 |a Κατωτριάτου, Ελένη. 
245 1 2 |a Ο γεωτουρισμός και η συμβολή του στη βιώσιμη ανάπτυξη :  |b η περίπτωση της Λέσβου : μεταπτυχιακή διατριβή /  |c Ελένη Κατωτριάτου ; επιβλέπων Γιάννης Σπιλάνης 
260 |a Μυτιλήνη :   |b Πανεπιστήμιο Αιγαίου, Τμήμα Περιβάλλοντος, Μεταπτυχιακό Πρόγραμμα Σπουδών στην Περιβαλλοντική Πολιτική και Διαχείριση,   |c 2001 
300 |a 169 σ.;  |b χάρτες;  |c 30 εκ. 
502 |a Διατριβή (μεταπτυχιακή) – Πανεπιστήμιο Αιγαίου, Λέσβος, 2001. 
504 |a Περιέχει βιβλιογραφία 
650 0 |a Ecotourism  |z Greece  |z Lesbos (Municipality) 
650 0 0 |a Sustainable development  |z Greece  |z Lesbos (Municipality) 
650 0 0 |a Tourism  |z Greece  |z Lesbos (Municipality) 
650 0 0 |a Dissertations, Academic  |z Greece. 
700 1 |4 ths  |a Σπιλάνης, Γιάννης. 
710 2 |a Πανεπιστήμιο Αιγαίου  |b Σχολή Περιβάλλοντος  |b Τμήμα Περιβάλλοντος  |b Πρόγραμμα Μεταπτυχιακών Σπουδών Περιβαλλοντική Πολιτική και Διαχείριση. 
852 |a INST  |b LESVOS  |c DIATR  |e 20020821  |h 77  |p 005100025266  |q 005100025266  |t MTXE  |y 23 
852 |a INST  |b LESVOS  |c DIATR  |e 20020821  |h 78  |p 005100025265  |q 005100025265  |t MTXE  |y 23 
856 |u http://hdl.handle.net/11610/15216 
901 |a BIBL1-2002-2 
909 |a Λ  |b 100900 
909 |a Λ  |b 100899 
924 |a ΚΑΤΩΤΡΙΑΤΟΥ  |b ΕΛΕΝΗ  |y ΛΕΣΒΟΣ  |z 2002-02 
970 |a ΚΑΜΑΤΣΟΥ  |b ΔΕΣΠΟΙΝΑ  |z 2002/08/21